000 00327nam a2200157Ia 4500
008 230711s9999||||xx |||||||||||||| ||und||
041 _aENG
082 _a720
_bDA-A
100 _aDaab
245 0 _aAirport design
250 _a1st
260 _c2005
_aLondon
_bDaab
300 _a378
650 _aArchitecture
942 _cBK
999 _c5354
_d5354